[Event "Cappelle Online Blitz op 1st"]
[Site "Europe Echecs INT"]
[Date "2021.01.10"]
[Round "2"]
[White "Barrera, Armando"]
[Black "Godon, Philippe"]
[Result "0-1"]
[WhiteElo "1481"]
[BlackElo "1818"]
[PlyCount "118"]
[EventDate "2021.01.10"]
[EventType "swiss (blitz)"]
[EventRounds "11"]
[EventCountry "FRA"]
[SourceTitle "CBM 200 Extra"]
[Source "ChessBase"]
[SourceDate "2021.03.31"]
[SourceVersion "1"]
[SourceVersionDate "2021.03.31"]
[SourceQuality "1"]

1. d4 Nf6 2. c4 g6 3. Nc3 Bg7 4. e4 d6 5. f4 0-0 6. e5 dxe5 7. fxe5 Ne8 8. Nf3 c5 9. d5 e6 10. Be2 exd5 11. cxd5 a6 12. a4 Bg4 13. Bf4 Nd7 14. Bg5 f6 15. e6 fxg5 16. exd7 Qxd7 17. 0-0 Nd6 18. Nxg5 Bxe2 19. Qxe2 Rxf1+ 20. Rxf1 Re8 21. Ne6 Bd4+ 22. Kh1 Nf5 23. Qc4 Bxc3 24. bxc3 Ne3 25. Qd3 Nxf1 26. Qxf1 Qxd5 27. Nc7 Qf7 28. Kg1 Qxf1+ 29. Kxf1 Rf8+ 30. Ke2 Rf4 31. a5 Ra4 32. Kd3 Rxa5 33. g3 Ra2 34. Ne6 Rxh2 35. Nxc5 Rg2 36. Ne4 Rxg3+ 37. Nxg3 Kf7 38. Ne4 Ke6 39. Kd4 h6 40. Nc5+ Kd6 41. Nxb7+ Kc6 42. Na5+ Kb5 43. Nc4 h5 44. Ne5 g5 45. c4+ Kb6 46. Kd5 a5 47. Kd6 a4 48. c5+ Kb7 49. c6+ Kc8 50. Kc5 a3 51. Nf7 a2 52. Nd6+ Kb8 53. Nb5 a1Q 54. c7+ Kc8 55. Kb6 Qf6+ 56. Ka7 Qc6 57. Nd6+ Kxc7 58. Nf7 Qb6+ 59. Ka8 Qb7# 0-1

[Event "Cappelle Online Blitz op 1st"]
[Site "Europe Echecs INT"]
[Date "2021.01.10"]
[Round "4"]
[White "Barrera, Armando"]
[Black "Schrefheere, Anthime"]
[Result "0-1"]
[WhiteElo "1481"]
[BlackElo "1752"]
[PlyCount "72"]
[EventDate "2021.01.10"]
[EventType "swiss (blitz)"]
[EventRounds "11"]
[EventCountry "FRA"]
[SourceTitle "CBM 200 Extra"]
[Source "ChessBase"]
[SourceDate "2021.03.31"]
[SourceVersion "1"]
[SourceVersionDate "2021.03.31"]
[SourceQuality "1"]

1. d4 Nf6 2. c4 g6 3. Nc3 d5 4. cxd5 Nxd5 5. e4 Nxc3 6. bxc3 Bg7 7. Nf3 0-0 8. Bc4 c5 9. Bb2 Bg4 10. e5 cxd4 11. cxd4 Qa5+ 12. Qd2 Nc6 13. Bc3 Qa4 14. Bb3 Qa6 15. Qf4 Bxf3 16. Qxf3 Rac8 17. Qe2 Qxe2+ 18. Kxe2 Nxe5 19. dxe5 Rxc3 20. f4 Rfc8 21. Rhd1 Bh6 22. g3 g5 23. Rd4 gxf4 24. gxf4 Rh3 25. Rh1 Rh4 26. Ke3 Kf8 27. Kf3 Rh3+ 28. Kg4 Rhc3 29. Rhd1 Ke8 30. Ba4+ Kf8 31. Rd8+ Rxd8 32. Rxd8+ Kg7 33. Rd7 Rc4 34. Bb3 Rxf4+ 35. Kg3 Bg5 36. Rxe7 Bxe7 0-1

[Event "FRA-ch Blitz Online Qual"]
[Site "Europe Echecs INT"]
[Date "2020.05.16"]
[Round "7"]
[White "Barrera, Armando"]
[Black "Le Bas, Alexis"]
[Result "0-1"]
[WhiteElo "1486"]
[BlackElo "1889"]
[PlyCount "78"]
[EventDate "2020.05.16"]
[EventType "swiss (blitz)"]
[EventRounds "15"]
[EventCountry "FRA"]
[SourceTitle "CBM 196 Extra"]
[Source "ChessBase"]
[SourceDate "2020.07.31"]
[SourceVersion "1"]
[SourceVersionDate "2020.07.31"]
[SourceQuality "1"]

1. d4 Nf6 2. c4 g6 3. Nc3 Bg7 4. e4 d6 5. Nf3 0-0 6. Bd3 c5 7. d5 Bg4 8. h3 Bxf3 9. Qxf3 Nbd7 10. Bf4 Nh5 11. Bh2 Qa5 12. Bc2 Qb4 13. Rb1 Be5 14. g4 Bxh2 15. Rxh2 Ne5 16. Qe2 Nf4 17. Qe3 g5 18. b3 a6 19. h4 Nxg4 20. Qg3 Nxh2 21. Qxg5+ Kh8 22. Qxf4 Qxc3+ 23. Kd1 Rg8 24. e5 Qxe5 25. Qxe5+ dxe5 26. Ke2 Ng4 27. Be4 Rad8 28. a3 h5 29. b4 cxb4 30. Rxb4 e6 31. Rxb7 f5 32. Bf3 exd5 33. Bxd5 Rg7 34. Rb6 Kh7 35. Rxa6 e4 36. a4 Rb8 37. a5 Rb2+ 38. Kd1 Ne5 39. Kc1 Rxf2 0-1

[Event "FRA-ch Blitz Online Qual"]
[Site "Europe Echecs INT"]
[Date "2020.05.16"]
[Round "5"]
[White "Barrera, Armando"]
[Black "Rafalimanana, Hary"]
[Result "1-0"]
[WhiteElo "1486"]
[BlackElo "1238"]
[PlyCount "53"]
[EventDate "2020.05.16"]
[EventType "swiss (blitz)"]
[EventRounds "15"]
[EventCountry "FRA"]
[SourceTitle "CBM 196 Extra"]
[Source "ChessBase"]
[SourceDate "2020.07.31"]
[SourceVersion "1"]
[SourceVersionDate "2020.07.31"]
[SourceQuality "1"]

1. d4 c5 2. d5 d6 3. c4 e6 4. e4 h6 5. Nc3 Nf6 6. f4 exd5 7. cxd5 Be7 8. Nf3 Qa5 9. Bd2 Qb6 10. a3 Bg4 11. Be2 Nbd7 12. 0-0 0-0 13. Kh1 Rac8 14. h3 Bxf3 15. Bxf3 Rc7 16. Be3 Rfc8 17. e5 dxe5 18. fxe5 Nxe5 19. Bf4 Bd6 20. a4 Qxb2 21. Nb5 Rd7 22. Rb1 Qa2 23. Nxd6 Rxd6 24. Bxe5 Rxd5 25. Bxd5 Rd8 26. Bxf6 Rxd5 27. Qg4 1-0

[Event "FRA-ch Blitz Online Qual"]
[Site "Europe Echecs INT"]
[Date "2020.05.16"]
[Round "2"]
[White "Morais, Mario1111"]
[Black "Barrera, Armando"]
[Result "1-0"]
[WhiteElo "2061"]
[BlackElo "1486"]
[PlyCount "61"]
[EventDate "2020.05.16"]
[EventType "swiss (blitz)"]
[EventRounds "15"]
[EventCountry "FRA"]
[SourceTitle "CBM 196 Extra"]
[Source "ChessBase"]
[SourceDate "2020.07.31"]
[SourceVersion "1"]
[SourceVersionDate "2020.07.31"]
[SourceQuality "1"]

1. d4 d5 2. Nc3 Nf6 3. Bg5 e6 4. e4 dxe4 5. Nxe4 Be7 6. Bxf6 Bxf6 7. Nf3 0-0 8. c3 Nd7 9. Bd3 c6 10. Qe2 Nb6 11. 0-0-0 Nd5 12. g3 b5 13. h4 a5 14. Nfg5 h6 15. Nxf6+ Qxf6 16. Ne4 Qe7 17. Kb1 b4 18. c4 Nf6 19. g4 e5 20. g5 Nxe4 21. Qxe4 f5 22. gxf6 Qxf6 23. dxe5 Qf5 24. Qxc6 Qxf2 25. Qxa8 Bf5 26. Qd5+ Kh8 27. Bxf5 Qxf5+ 28. Ka1 a4 29. e6 a3 30. Qxf5 Rxf5 31. e7 1-0